Živnostníci mimo zákona
Novela Zákonníka práce a hodnotenie vplyvu opatrení Zákonníka práce. Názory na navrhnutú novelu. Zákaz obchodných zmlúv medzi firmami a pracovníkmi je kontraproduktívny. Živnostníci mimo zákona.
Salvato in:
| Autore principale: | |
|---|---|
| Altri autori: | |
| Natura: | Capitolo di libro |
| Lingua: | slovacco |
| Soggetti: | |
| Tags: |
Nessun Tag, puoi essere il primo ad aggiungerne!!
|
MARC
| LEADER | 00000naa$a2200000$$$4500 | ||
|---|---|---|---|
| 001 | 0054946 | ||
| 005 | 20231009073153.0 | ||
| 041 | 0 | |a slo | |
| 044 | |a SK | ||
| 245 | 1 | 0 | |a Živnostníci mimo zákona |c Lea Krčmáriková, Ivan Haluza |
| 520 | |a Novela Zákonníka práce a hodnotenie vplyvu opatrení Zákonníka práce. Názory na navrhnutú novelu. Zákaz obchodných zmlúv medzi firmami a pracovníkmi je kontraproduktívny. Živnostníci mimo zákona. | ||
| 610 | 2 | 0 | |a zákonník práce |
| 610 | 2 | 0 | |a novelizácia |
| 610 | 2 | 0 | |a Slovensko |
| 610 | 2 | 0 | |a 2007 |
| 100 | 1 | |a Krčmáriková, Lea | |
| 700 | 1 | |a Haluza, Ivan | |